| 000 | 00371nam a2200133Ia 4500 | ||
|---|---|---|---|
| 008 | 230917s9999||||xx |||||||||||||| ||und|| | ||
| 040 |
_e158345 _aMAIN |
||
| 041 | _aEnglish | ||
| 082 | _a576.5 N292A | ||
| 100 | _aNeelkamal | ||
| 245 | 0 | _aAnalysis of down syndrome patients from Haryana using cytogenetic approach: A prospective study | |
| 300 | _a163 p. | ||
| 942 | _cTH | ||
| 999 |
_c125090 _d125090 |
||